Kwiżż fuq Malta! - Statistics

General Stats
  • This quiz has been taken 14 times
  • The average score is 11 of 16
Answer Stats
Hint Answer % Correct
Il-belt kapitali Il-Belt Valletta
100%
Lingwi uffiċjali Il-Malti
100%
Lingwi uffiċjali L-Ingliż
91%
Il-baħar li fih tinstab Malta Il-Baħar Mediterran
82%
L-akbar gżira fil-Gżejjer Maltin, li fiha 78% tal-art ta' Malta Malta
82%
Il-lokalità l-aktar populata San {Pawl} il-Baħar
82%
It-tieni l-akbar gżira Għawdex
73%
L-oġġett li jinstab fuq il-bandiera Is-Salib
73%
Il-pajjiż li ġabet l-inpendenza minnha Malta fl-1964 Ir-Renju Unit (l-Ingilterra)
64%
Il-munita Maltija L-Ewro
64%
Pajjiżi li huma l-eqreb għal Malta L-Italja
64%
Ordni militari li ħakem il-gżejjer mill-1530 sal-1798 {Il-Kavallieri} ta' San Ġwann
55%
Gwerra li fiha Malta qalat il-'George Cross' minħabba r-reżistenza eroika tagħha WWII (It-Tieni Gwerra Dinjija)
55%
Malta għanda s-sitt l-akbar _____ tal-popolazzjoniof tad-dinja, kemxejn quddiem il-Bangladexx Densità
45%
Poplu li kien mkeċċa minn Malta fl-1249 Il-Musulmani
27%
Pajjiżi li huma l-eqreb għal Malta It-Tuneżija
27%
No matching quizzes found
Score Distribution
Percent of People with Each Score
Percentile by Number Answered
Your Score History
You have not taken this quiz